Origen y fundamentos de la ley
Saved in:
| Main Authors: | , |
|---|---|
| Format: | Book |
| Language: | Spanish |
| Published: |
Santiago
Colegio de Abogados de Chile
2003
|
| Subjects: | |
| Tags: |
Add Tag
No Tags, Be the first to tag this record!
|
MARC
| LEADER | 00000nam a2200000 a 4500 | ||
|---|---|---|---|
| 001 | UCL2988 | ||
| 003 | CL-VaPUC | ||
| 005 | 20201126001403.0 | ||
| 008 | 031114e20030000cl 1 spa d | ||
| 082 | 0 | 4 | |a 346.8307 |b FER |2 21 |
| 100 | 1 | |a Fernández F., Sergio |e author |9 620392 | |
| 700 | 1 | |a Medina Herrera, Andrés |e author |9 620393 | |
| 245 | 1 | 0 | |a Origen y fundamentos de la ley |
| 246 | 1 | 0 | |a Estructura jurídica de las E.I.R.L., constitución y modificación |
| 260 | |a Santiago |b Colegio de Abogados de Chile |c 2003 | ||
| 300 | |a 44 p | ||
| 583 | |a last modification |c 20190911 12:04:56 |k Rodrigo Vera | ||
| 650 | 0 | 7 | |a EMPRESA INDIVIDUAL |2 CL-VaPUC |9 620394 |
| 650 | 0 | 7 | |a RESPONSABILIDAD CIVIL |2 CL-VaPUC |9 620395 |
| 650 | 0 | 7 | |a LEY N§ 19.857 |2 CL-VaPUC |9 620396 |
| 650 | 0 | 0 | |a Derecho comercial |9 256340 |
| 942 | |c BK | ||
| 945 | |a rbrito |d 20031114 00:00:00 | ||
| 546 | |a En Español | ||
| 536 | |a Colegio de Abogados de Chile A.G | ||
| 518 | |p Seminario Empresas Individuales de Responsabilidad Limitada E.I.R.L Ley Nº 19.857, 1, Santiago, 24 de abril de 2003 | ||
| 999 | |c 383920 |d 383918 | ||
| 952 | |0 0 |1 0 |2 ddc |4 0 |6 346_830700000000000_FER_2003 |7 0 |8 A |9 506245 |a BIBDER |b BIBDER |d 2020-01-23 |i 393912K |o 346.8307 FER 2003 |p 393912K |r 2023-01-25 |w 2020-01-23 |y MX |k DER | ||
| 952 | |0 0 |1 0 |2 ddc |4 0 |6 346_830700000000000_FER_2003 |7 0 |8 A |9 506246 |a BIBDER |b BIBDER |d 2020-01-23 |i 3939138 |o 346.8307 FER 2003 |p 3939138 |r 2023-01-25 |w 2020-01-23 |y MX |k DER | ||